Bicentenario de Calixto Berna (Record no. 66994)

MARC details
000 -LEADER
campo de control de longitud fija 00749nam a2200229 i 4500
001 - NÚMERO DE CONTROL
campo de control 66994
003 - IDENTIFICADOR DE NÚMERO DE CONTROL
campo de control ES-MaACL
005 - FECHA Y HORA DE LA ÚLTIMA TRANSACCIÓN
campo de control 20230906165925.0
007 - CAMPO FIJO DE DESCRIPCIÓN FÍSICA--INFORMACIÓN GENERAL
campo de control de longitud fija t|
008 - DATOS DE LONGITUD FIJA--INFORMACIÓN GENERAL
campo de control de longitud fija 040429s2003 xxu ||||1| spa d
080 ## - NÚMERO DE LA CLASIFICACIÓN DECIMAL UNIVERSAL
Número de la Clasificación Decimal Universal 929 Bernal, Calixto (067.5)
245 00 - MENCIÓN DEL TÍTULO
Título Bicentenario de Calixto Berna
Resto del título : 2004 /
Mención de responsabilidad, etc. con referencias de Egmont Vachin ... [et al.].
260 ## - PUBLICACIÓN, DISTRIBUCIÓN, ETC.
Lugar de publicación, distribución, etc. Miami :
Nombre del editor, distribuidor, etc. [s.n.,
Fecha de publicación, distribución, etc. 2003 ?] (
Fabricante Eagle Lith.)
300 ## - DESCRIPCIÓN FÍSICA
Extensión 221 p. :
Otras características físicas retrat. aut. ;
Dimensiones 23 cm.
490 1# - MENCIÓN DE SERIE
Mención de serie Colección Historia política
600 14 - PUNTO DE ACCESO ADICIONAL DE MATERIA--NOMBRE DE PERSONA
Nombre de persona Bernal, Calixto,
Fechas asociadas al nombre 1804-1886
9 (RLIN) 28175
700 1# - ENTRADA AGREGADA--NOMBRE PERSONAL
Nombre de persona Vachin, Egmont.
9 (RLIN) 112382
830 0# - PUNTO DE ACCESO ADICIONAL DE SERIE-TÍTULO UNIFORME
Título uniforme Colección Historia política
9 (RLIN) 183543
852 ## - LOCALIZACIÓN
Ubicación ES-MaACL
Número de control de estantería L-27473
852 ## - LOCALIZACIÓN
Ubicación ES-MaACL
Número de control de estantería L-27781
Holdings
Estatus retirado Estado de pérdida Estado de daño No para préstamo Biblioteca de origen Biblioteca actual Ubicación en estantería Fecha de adquisición Fuente de adquisición Total de préstamos Signatura topográfica completa Código de barras Visto por última vez Precio de reemplazo Tipo de ítem Koha
        Biblioteca del Ateneo de Madrid Biblioteca del Ateneo de Madrid Depósito 2 12/06/2015     L-27781 1193874 23/02/2023 23/02/2023 Libro impreso
        Biblioteca del Ateneo de Madrid Biblioteca del Ateneo de Madrid Depósito 2 17/01/2008     L-27473 1070166 23/02/2023 23/02/2023 Libro impreso